| 000 | 00820nam a2200241 i 4500 | ||
|---|---|---|---|
| 001 | 15834 | ||
| 003 | ES-MaACL | ||
| 005 | 20230906151151.0 | ||
| 007 | t| | ||
| 008 | 000508s1983 sp ||||1| spa d | ||
| 020 | _a84-205-0987-6 | ||
| 080 | _a811.111(063) | ||
| 080 | _a821.111.09(063) | ||
| 080 | _a821.111(73).09(063) | ||
| 110 | 2 |
_aAsociación Española de Estudios Anglo-Norteamericanos. _bCongreso ( _n5º. _d1981. _cOviedo) _91659 |
|
| 245 | 1 | 0 |
_aHéroe y antihéroe en la literatura inglesa _b: Actas del V Congreso de AEDEAN. |
| 250 | _a1ª ed. | ||
| 260 |
_aMadrid : _bAlhambra, _c1983. |
||
| 300 |
_a437 p. ; _c20 cm. |
||
| 650 | 1 | 4 |
_aFilología inglesa- _vCongresos y asambleas. _912799 |
| 650 | 4 |
_aLiteratura norteamericana- _vCongresos y asambleas. _914642 |
|
| 852 |
_aES-MaACL _jL-22970 _bR.123751 |
||
| 999 |
_c15834 _d15834 |
||